000 00787nam a2200253 i 4500
003 DO-SdBNP
005 20230710105903.0
007 ta
008 110301s2021 dr a 000 0 spa d
020 _a9789993478898
040 _aDO-SdBNP
_bspa
_cBNPHU
_erda
082 4 _bM385e
_222
100 1 _aMartínez, Úrsula S.,
_953018
_eautora
245 1 0 _aEjercitArte /
_cÚrsula S. Martínez ; ilustraciones, Gregory Suero
264 1 _aSanto Domingo :
_bSoto Castillo,
_c2021.
300 _a76 páginas :
_bilustraciones ;
_c28 cm.
336 _2rdacontent
_atexto
_btxt
337 _2rdamedia
_asin mediación
_bn
338 _2rdacarrier
_avolumen
_bnc
590 _aInventariado, 2022/ YL
700 1 2 _aSuero, Gregory,
_eilustraciones
_981437
910 _aYLockward
942 _2ddc
_cLBS1
999 _c51515
_d51515